000 00322nam a2200145Ia 4500
100 _aAndrews K.R
650 _aGeneral
942 _cBK
654 _aCorporate
245 _aConcept of Corporate Strategy
260 _bTaraporevala Publshing Industries
_c2001
082 _a658.4
300 _a245
546 _aENGLISH
999 _c19703
_d19703